Shakespeare Plays - Anagrams - Statistics

General Stats
  • This quiz has been taken 21 times
  • The average score is 8 of 18
Answer Stats
Hint Answer % Correct
cab them Macbeth
100%
lot hole Othello
100%
ilk range King Lear
67%
admire jute loon Romeo and Juliet
61%
crisp eel Pericles
56%
ejacula risus Julius Caesar
44%
nettle shawl walls dell All's Well That Ends Well
39%
urinal coos Coriolanus
39%
refuse ammo erasure Measure for Measure
39%
featherweight months The Taming of the Shrew
33%
smarmiest humming adder A Midsummer Night's Dream
28%
rotten anaconda play Antony and Cleopatra
28%
corn heft achievement The Merchant of Venice
28%
monotheist fan Timon of Athens
22%
raincloud disasters Troilus and Cressida
22%
deaf room sorcery A Comedy of Errors
17%
duct insinuators Titus Andronicus
17%
leftover women tonnage Two Gentlemen of Verona
17%
No matching quizzes found
Score Distribution
Percent of People with Each Score
Percentile by Number Answered
Your Score History
You have not taken this quiz